000 00381nam a2200145Ia 4500
008 090122s9999 xx 000 0 und d
082 _b6761
_a808.899282
100 _aBhanot
_bT
_cR
245 _aChildren's Picture word book 2
600 _aBhanot
630 _aChildren's Picture word book 2
700 _aBhanot
730 _aChildren's Picture word book 2
942 _cBOOK
999 _c30838
_d30838